000 00322nam a22001337a 4500
008 190226b xxu||||| |||| 00| 0 eng d
020 _a9780803638761
041 _aeng
080 _a610.73
100 _a1
101 _aINF
245 _aEssentials of Psychiatric Mental Health Nursing
_cTownsend, M.C
942 _2udc
_cBK
999 _c54319
_d54319